Statistics for All 4-Letter Words Starting with “J”

Click here to take the quiz!

General Stats

  • This quiz has been taken 801 times
    (113 since last reset)
  • The average score is 42 of 92

Answer Stats

Word% Correct
jack
88%
jade
86%
jams
84%
just
79%
jump
77%
jail
76%
joke
76%
jabs
75%
jake
74%
jets
74%
jill
74%
jars
73%
jogs
73%
jags
71%
jazz
71%
jugs
71%
jest
70%
jaws
68%
jeep
68%
jobs
68%
jock
68%
jots
67%
joys
67%
jury
67%
jean
66%
jane
65%
jeer
65%
jell
65%
jigs
65%
junk
64%
jays
63%
jape
62%
join
62%
juts
62%
jive
57%
jolt
57%
john
56%
jins
55%
jees
54%
jilt
53%
josh
53%
joss
53%
jiff
51%
juke
51%
jerk
49%
jibs
48%
jinx
48%
jute
47%
jink
46%
jupe
46%
jowl
45%
jamb
43%
jinn
43%
jole
43%
jess
41%
jibe
40%
joes
40%
jeez
38%
jows
37%
j***
36%
java
35%
jota
35%
jete
33%
joey
31%
jeed
30%
jube
29%
jimp
27%
judo
27%
joky
25%
juju
24%
jura
24%
judy
20%
jarl
19%
jivy
19%
jefe
13%
juba
13%
juga
13%
jaup
12%
jagg
11%
jato
11%
jauk
10%
jook
10%
jeux
9%
jouk
9%
juco
9%
jird
8%
juku
7%
j***
5%
jibb
5%
jeon
3%
jiao
3%
jehu
2%

Score Distribution

Percentile by Number Answered

Percent of People with Each Score

Your Score History

You have not taken this quiz since the last reset